000 00336nam a2200121Ia 4500
008 240624s9999 xx 000 0 und d
041 _aeng
082 _a658.4012 HOW
100 _aHOWSON CINDI
245 _aSUCCESSFUL BUSINESS INTELLIGENCE SECRETS
260 _c2012
_aNew Delhi
_bTata McGraw-Hill
300 _axii, : 244 : p. : cm. ; 23
999 _c28799
_d28799